Guess the Capital City from Flag 6 - Statistics

General Stats
  • This quiz has been taken 20 times
  • The average score is 15 of 20
Answer Stats
Picture Answer % Correct
Ankara
93%
Berlin
93%
Buenos Aires
93%
Cape Town, Pretoria, Bloemfontein
93%
Hanoi
86%
Helsinki
86%
Vienna
86%
Astana
79%
Bogotá
79%
Ljubljana
79%
Andorra la Vella
71%
Bishkek
71%
Rabat
71%
Singapore
71%
Apia
64%
Bissau
64%
Kabul
64%
Port Louis
50%
Maseru
43%
Djibouti City
36%
No matching quizzes found
Score Distribution
Percent of People with Each Score
Percentile by Number Answered
Your Score History
You have not taken this quiz